Normal view
MARC view
- Brief Calculus with applications
Entry Topical Term
001 - CONTROL NUMBER
- control field: 127479
003 - CONTROL NUMBER IDENTIFIER
- control field: NUST
005 - DATE AND TIME OF LATEST TRANSACTION
- control field: 20250110103912.0
008 - FIXED-LENGTH DATA ELEMENTS
- fixed length control field: 250110|| aca||aabn | a|a d
040 ## - CATALOGING SOURCE
- Original cataloging agency: NUST
- Transcribing agency: NUST
150 ## - HEADING--TOPICAL TERM
- Topical term or geographic name entry element: Brief Calculus with applications
670 ## - SOURCE DATA FOUND
- Source citation: Work cat.: (NUST): Roland E. Larsen 127478, Brief Calculus with applications , 1991.
